000 00396nam a2200121 4500
999 _c12424
_d12424
008 190125b ||||| |||| 00| 0 eng d
100 _935055
_aMiraflor, Madelaine B.
245 _aIt looks like MICC won't shut down mining firms/
_cMadelaine B. Miraflor
260 _aPhilippines
_bManila Bulletin
_cc2018
300 _apage B1.
650 0 _935056
_aMines and mineral resources.
942 _2ddc
_cPER